| Tag |
First Indicator |
Second Indicator |
Subfields |
| LEADER |
00000cam a2200000 4500 |
| 001 |
in00000017746 |
| 005 |
20151007053509.0 |
| 008 |
750905s1941 enk b 00010 eng |
| 010 |
|
|
|a 41019664
|
| 035 |
|
|
|a (OCoLC)01601748
|
| 035 |
|
|
|9 AAB1862AM
|
| 040 |
|
|
|a DLC
|c FBA
|d SER
|d TXA
|d UtOrBLW
|
| 041 |
0 |
|
|a eng
|a per
|
| 049 |
|
|
|a TXAM
|c [A11096419]
|
| 050 |
0 |
0 |
|a PK6235
|b .E5
|
| 082 |
0 |
|
|a 491.558242
|
| 100 |
1 |
|
|a Elwell-Sutton, L. P.
|q (Laurence Paul)
|
| 245 |
1 |
0 |
|a Colloquial Persian /
|c by L.P. Elwell-Sutton.
|
| 264 |
|
1 |
|a London :
|b K. Paul, Trench, Trubner & Co., ltd.;
|a New York :
|b E.P. Dutton & Co.,
|c [1941]
|
| 300 |
|
|
|a viii, 140 pages ;
|c 19 cm.
|
| 336 |
|
|
|a text
|b txt
|2 rdacontent
|
| 337 |
|
|
|a unmediated
|b n
|2 rdamedia
|
| 338 |
|
|
|a volume
|b nc
|2 rdacarrier
|
| 500 |
|
|
|a "First published 1941."
|
| 504 |
|
|
|a Bibliography: pages 139-140.
|
| 650 |
|
0 |
|a Persian language
|x Grammar.
|
| 650 |
|
0 |
|a Persian language
|x Conversation and phrase books.
|
| 999 |
|
|
|a MARS
|
| 999 |
f |
f |
|s d91b146f-4a1a-3943-9751-59483c95ead4
|i d31364fe-3073-3ebf-8596-362b869cba93
|t 0
|
| 952 |
f |
f |
|p normal
|a Texas A&M University
|b College Station
|c Sterling C. Evans Library
|d Evans: Library Stacks
|t 0
|e PK6235 .E5
|h Library of Congress classification
|i unmediated -- volume
|m A14811096419
|
| 998 |
f |
f |
|a PK6235 .E5
|t 0
|l Evans: Library Stacks
|